00822nam a2200277 4500003000400000005001700004008004100021020001500062020001800077040001800095050001700113100002600130245004200156264004000198300001800238336002200256337002400278338002400302650004300326650003500369650004300404650002600447650003900473942001500512999001700527OSt20260530115304.0260507b1974 |||o|||| |||| 00| 0 spa d a8425206162 a9788425206160 aICIbspacICI aTR183bF74181 aFreund, Gisele93161210aLa Fotografía como documento social 1bGustavo Gili Barcelonac1976aParis a207 páginas atexto2rdacontent asin medio2rdamedia avolumen2rdacarrier aFotografíaxAspectos sociales931613 aFotografía documental931614 aSociología de la fotografía931615 aComunicación visual aHistoria de la fotografía931617 2lcccBKn1 c12980d12980